| 000 | 01361nam a22002777a 4500 | ||
|---|---|---|---|
| 001 | 8809 | ||
| 003 | FISKH | ||
| 005 | 20251021151848.0 | ||
| 008 | 251021b cb ||||| |||| 00| 0 eng d | ||
| 020 | _a9780194790840 | ||
| 040 |
_aFISKH _beng _cFISKH _dFISKH |
||
| 050 | _a PE1126.A4 B3764 | ||
| 082 | _a428.6 | ||
| 100 | _aBassett, Jeniffer | ||
| 245 |
_aCries from the heart : _bStories from around the world / _cRetold by Jennifer Bassett |
||
| 260 |
_aOxford : _bOxford University Press , _c2008. |
||
| 300 |
_a55 pages : _billustrations ; _c20 cm . |
||
| 490 |
_aOxford Bookworms _v2 |
||
| 505 | _aT | ||
| 520 | _aThis award-winning collection of adapted classic literature and original stories develops reading skills for low-beginning through advanced students. Accessible language and carefully controlled vocabulary build students' reading confidence. Introductions at the beginning of each story, illustrations throughout, and glossaries help build comprehension. Before, during, and after reading activities included in the back of each book strengthen student comprehension. Audio versions of selected titles provide great models of intonation and pronunciation of difficult words. | ||
| 521 | 8 |
_a810
_bLexile |
|
| 521 | 8 |
_aT
_bRaz-Plus |
|
| 700 |
_aNyong'o, Kwame _eIllustrator |
||
| 942 |
_2ddc _cBK _n0 |
||
| 999 |
_c8809 _d8809 |
||